000 00806nam a22002297a 4500
005 2012121300080.0
008 121213t xxu||||| |||| 00| 0 eng d
010 _aENG-106434
020 _a9788183244213
_c650.00
035 _aEN-89967
037 _bDBAD/PUB
040 _aDPL
_bEng
082 _a332.954
100 _954274
_aRais Ahmad
245 _aMicrofinance in India /
_cby Rais Ahmad
260 _aNew Delhi
_bMittal Publications
_c2012
270 _a4594/9 Daryaganj
_bNew Delhi
_e110002
300 _axvi,191p.
_c23cm(Hb)
500 _aIncludes bibliographical references and index
942 _2ddc
_cEN
_h332.954
_mRAI
999 _c72146
_d72146